| 000 | 00607nam a2200229Ia 4500 | ||
|---|---|---|---|
| 005 | 20250409162855.0 | ||
| 008 | 008 250409s9999 xx 000 0 eng d | ||
| 020 | _a9788170129905 | ||
| 037 | _aTextbook | ||
| 040 |
_aLCT _beng _cLCT |
||
| 041 |
_aeng _2eng |
||
| 084 |
_aZ,7,11/ P3;9 _qLCT |
||
| 100 |
_aTakwani, CK _9752095 |
||
| 245 | 0 |
_aCivil Procedure _cby CK Takwani |
|
| 250 | _a5the ed. | ||
| 260 |
_aNew Delhi _bEastern Book Company _c2007 |
||
| 300 | _alxxix, 575p. | ||
| 365 |
_aINR _b295 |
||
| 650 | _aLaw | ||
| 942 |
_cTB _hZ,7,11/ P3;9 |
||
| 999 |
_c1308782 _d1308782 |
||